000
00277nam a22001217a 4500
020
_a
NA
082
_2
22
_a
005.117
100
_a
Bruce, Kim B.
245
_a
Foundation of object oriented languages /
260
_b
Prentice Hall,
_c
c2004.
300
_a
0
_b
ill. ;
942
_2
ddc
_c
IT
999
_c
4276
_d
4276